Pierre et le Loup - Les instruments - Statistiques

Statistiques générales
  • Ce quiz a été pris 239 fois
  • Le résultat moyen est 5 sur 8
Statistiques - réponses
Personnage Instrument(s) % Correct
L'Oiseau La flute traversière
88%
Pierre Le quatuor à cordes
79%
Le Chat La clarinette
69%
Le Canard Le hautbois
69%
Le Grand-Père Le basson
64%
Le Loup Les cors
60%
Les chasseurs (coups de fusil) Les timbales et la grosse caisse
56%
Les Chasseurs (thème) Les bois et les cuivres
44%
Aucun quiz correspondant
Distribution des résultats
% des personnes avec chaque résultat
Percentile par nombre de réponses
Votre historique - résultats
Vous n’avez pas pris ce quiz